<?xml version="1.0" encoding="UTF-8"?>
<record
    xmlns:xsi="http://www.w3.org/2001/XMLSchema-instance"
    xsi:schemaLocation="http://www.loc.gov/MARC21/slim http://www.loc.gov/standards/marcxml/schema/MARC21slim.xsd"
    xmlns="http://www.loc.gov/MARC21/slim">

  <leader>02651nam a22002777a 4500</leader>
  <controlfield tag="001">114623</controlfield>
  <controlfield tag="003">DR-UNIBE</controlfield>
  <controlfield tag="005">20260507114050.0</controlfield>
  <controlfield tag="008">260507b2025    pr  ||||| |||| 00| 0 spa d</controlfield>
  <datafield tag="020" ind1=" " ind2=" ">
    <subfield code="a">9789945637847</subfield>
  </datafield>
  <datafield tag="040" ind1=" " ind2=" ">
    <subfield code="a">BIBLIOTECA UNIBE</subfield>
    <subfield code="c">BIBLIOTECA UNIBE</subfield>
    <subfield code="e">rda</subfield>
  </datafield>
  <datafield tag="041" ind1=" " ind2=" ">
    <subfield code="a">spa</subfield>
  </datafield>
  <datafield tag="082" ind1=" " ind2=" ">
    <subfield code="a">RD 864 B654c</subfield>
  </datafield>
  <datafield tag="100" ind1=" " ind2=" ">
    <subfield code="a">Blonda, Marcos A.</subfield>
    <subfield code="d">1967-</subfield>
    <subfield code="e">autor</subfield>
    <subfield code="9">204575</subfield>
  </datafield>
  <datafield tag="245" ind1="1" ind2="3">
    <subfield code="a">La ciudad como texto :</subfield>
    <subfield code="b">representaci&#xF3;n de Santo Domingo en la literatura de los siglos XX y XXI /</subfield>
    <subfield code="c">Marcos A. Blonda</subfield>
  </datafield>
  <datafield tag="260" ind1=" " ind2=" ">
    <subfield code="a">San Juan :</subfield>
    <subfield code="b">Isla Negra Editores,</subfield>
    <subfield code="c">2025</subfield>
  </datafield>
  <datafield tag="300" ind1=" " ind2=" ">
    <subfield code="a">224 p&#xE1;ginas</subfield>
  </datafield>
  <datafield tag="505" ind1=" " ind2=" ">
    <subfield code="a">La ciudad como una historia y la urbanizaci&#xF3;n literaria |
La cr&#xED;tica espacial, geocr&#xED;tica latinoamericana y dominicana |
Metodolog&#xED;a |
Ciudad rom&#xE1;ntica y la sangre de Tulio Manuel Cestero |
Caonex, bildungsroman de la era de Trujillo |
Agustia existencial en la ciudad postdictadura |
Los urbanistas en la literatura dominicana del siglo XXI


</subfield>
  </datafield>
  <datafield tag="520" ind1=" " ind2="3">
    <subfield code="a">En La ciudad como texto, Marcos A. Blonda ofrece una obra pionera que entrelaza con lucidez cr&#xED;tica literaria y pensamiento arquitect&#xF3;nico para interpretar las representaciones de Santo Domingo en la literatura dominicana de los siglos XX y XXI. Con una mirada profundamente interdisciplinaria y continuando los trabajos de cr&#xED;ticos dominicanos como Miguel D. Mena, Soledad &#xC1;lvarez y Marcio Veloz Maggiolo, el autor convoca a figuras como Foucault, Mumford, Simmel y Aldo Rossi para iluminar la dimensi&#xF3;n espacial como eje narrativo y cultural. Este libro propone que la ciudad es tanto materia construida como imaginario colectivo, texto y contexto, escenario y protagonista. Blonda traza una genealog&#xED;a urbana desde Tulio M. Cestero &#x2013;pasando por J.M. Sanz-Lajara, Ren&#xE9; del Risco, Aurora Arias y Frank B&#xE1;ez&#x2013; hasta llegar a Rita Indiana Hern&#xE1;ndez, delineando as&#xED; una po&#xE9;tica del espacio dominicano. La ciudad como texto constituye un aporte imprescindible para los estudios urbanos y literarios en Am&#xE9;rica Latina y el Caribe. Su escritura rigurosa presenta a Santo Domingo en su complejidad como artefacto est&#xE9;tico, pol&#xED;tico y existencial. Un libro que invita a leer la ciudad como si fuera una novela y la novela, como un plano urbano.</subfield>
  </datafield>
  <datafield tag="650" ind1=" " ind2="7">
    <subfield code="2">lemb</subfield>
    <subfield code="a">Ensayos dominicanos</subfield>
    <subfield code="v">Cr&#xED;tica e interpretaci&#xF3;n</subfield>
    <subfield code="9">204582</subfield>
  </datafield>
  <datafield tag="650" ind1=" " ind2="7">
    <subfield code="a">Literatura dominicana</subfield>
    <subfield code="v">Cr&#xED;tica e interpretaci&#xF3;n</subfield>
    <subfield code="9">204583</subfield>
  </datafield>
  <datafield tag="650" ind1=" " ind2="7">
    <subfield code="2">lemb</subfield>
    <subfield code="a">Arquitectura</subfield>
    <subfield code="x">Historia</subfield>
    <subfield code="y">Siglo XX y XXI</subfield>
    <subfield code="z">Rep&#xFA;blica Dominicana</subfield>
    <subfield code="9">204584</subfield>
  </datafield>
  <datafield tag="650" ind1=" " ind2="7">
    <subfield code="2">lemb</subfield>
    <subfield code="a">Arquitectura</subfield>
    <subfield code="v">Cr&#xED;tica e interpretaci&#xF3;n</subfield>
    <subfield code="z">Rep&#xFA;blica Dominicana</subfield>
    <subfield code="9">204585</subfield>
  </datafield>
  <datafield tag="700" ind1=" " ind2=" ">
    <subfield code="9">204577</subfield>
    <subfield code="a">Arias Tobar, Ubaldo</subfield>
    <subfield code="e">corrector</subfield>
  </datafield>
  <datafield tag="942" ind1=" " ind2=" ">
    <subfield code="2">ddc</subfield>
    <subfield code="c">BK</subfield>
  </datafield>
  <datafield tag="999" ind1=" " ind2=" ">
    <subfield code="c">114623</subfield>
    <subfield code="d">114623</subfield>
  </datafield>
  <datafield tag="952" ind1=" " ind2=" ">
    <subfield code="0">0</subfield>
    <subfield code="1">0</subfield>
    <subfield code="2">ddc</subfield>
    <subfield code="7">0</subfield>
    <subfield code="8">GEN-RD</subfield>
    <subfield code="a">Principal</subfield>
    <subfield code="d">2026-05-07</subfield>
    <subfield code="l">0</subfield>
    <subfield code="o">RD 864 B654c</subfield>
    <subfield code="p">260340</subfield>
    <subfield code="r">2026-05-07 11:18:19</subfield>
    <subfield code="t">Ej. 1</subfield>
    <subfield code="w">2026-05-07</subfield>
    <subfield code="y">BK</subfield>
  </datafield>
  <datafield tag="952" ind1=" " ind2=" ">
    <subfield code="0">0</subfield>
    <subfield code="1">0</subfield>
    <subfield code="2">ddc</subfield>
    <subfield code="7">0</subfield>
    <subfield code="8">GEN-RD</subfield>
    <subfield code="a">Principal</subfield>
    <subfield code="d">2026-05-07</subfield>
    <subfield code="l">0</subfield>
    <subfield code="o">RD 864 B654c</subfield>
    <subfield code="p">260341</subfield>
    <subfield code="r">2026-05-07 11:18:53</subfield>
    <subfield code="t">Ej. 2</subfield>
    <subfield code="w">2026-05-07</subfield>
    <subfield code="y">BK</subfield>
  </datafield>
</record>
